| 000 | 00591nam a2200217Ia 4500 | ||
|---|---|---|---|
| 001 | 5599 | ||
| 003 | GE_BSU | ||
| 008 | 181216s||||||||xx |||||||||||||| ||und|| | ||
| 040 | _cGE_BSU | ||
| 080 | _a512(075.8) | ||
| 100 | _aКурош, А.Г. | ||
| 245 | _aКурс высшей алгебры | ||
| 245 | _bУчебник для гос гос-ун-тов | ||
| 250 | _aизд.10-е | ||
| 260 | _aМосква | ||
| 260 | _bНаука | ||
| 260 | _c1971 | ||
| 300 | _a431 с. 22 см. | ||
| 653 | _aКурс высшей алгебры Учеб. гос. ун-тов | ||
| 942 | _cBK | ||
| 999 |
_c39058 _d39058 |
||